=LDR 00000nam 2200000 4500 =001 INLIS000000000055392 =005 20200416085448 =035 ##$$a 0010-0420000071 =007 ta =008 200416###########################0#ind## =020 ##$$a 978-602-60229-9-8 =082 ##$$a 899.221 3 =084 ##$$a 899.221 3 Umi b =245 1#$$a Break A Leg /$c Umi Astuti =300 ##$$a 316 halaman : $b Ilustrasi ; $c 21 Cm. =700 #$$a Editor : Anggia Eka, Cikal Ringgin Paneduh =600 #4$$a Fiksi Indonesia =264 ##$$a Jakarta :$b Namina Books,$c 2018 =336 ##$$a teks$2 rdacontent =337 ##$$a lain-lain$2 rdamedia =338 ##$$a lain-lain$2 rdacarrier =990 ##$$a 03090309 =990 ##$$a 03090309